|
|
|
|
| LEADER |
00000nam a2200000 a 4500 |
| 001 |
vtls008186878 |
| 003 |
SK-MaSNL |
| 005 |
20260302074052.0 |
| 008 |
251029s1971 xr dl f 000 0 cze |
| 020 |
|
|
|q (brož.)
|
| 040 |
|
|
|a SNK
|b slo
|c SNK
|e AACR2
|
| 041 |
0 |
|
|a cze
|b eng
|b rus
|
| 044 |
|
|
|a xo
|c SK
|
| 072 |
|
7 |
|a 631
|x Poľnohospodárstvo. Pedológia. Agrotechnika. Agroekológia
|2 konspekt
|
| 080 |
|
|
|a 633.2/.3
|2 MDT-MRF
|
| 080 |
|
|
|a 631.416.1
|2 MDT-MRF
|
| 080 |
|
|
|a 631.82/.85
|2 MDT-MRF
|
| 080 |
|
|
|a (047)
|2 MDT-MRF
|
| 100 |
1 |
|
|a Škrdleta, Vladimír
|4 aut
|9 739238
|
| 245 |
1 |
0 |
|a Vztah mezi minerálním dusíkem a symbiotickou fixací ovzdušného dusíku u leguminóz
|b (studijní zpráva)
|c Vladimír Škrdleta
|
| 250 |
|
|
|a [1. vyd.]
|
| 260 |
|
|
|a Praha
|b Ústav vědeckotechnických informací
|c 1971
|
| 300 |
|
|
|a 32 s.
|b grafy, tab.
|c 20 cm
|
| 490 |
1 |
|
|a Studijní informace
|v 6/71
|a Půdoznalství, meliorace, výživa rostlin
|
| 500 |
|
|
|a Súbež. názov angl. a rus.
|
| 504 |
|
|
|a Bibliogr. s. 23-29.
|
| 650 |
0 |
7 |
|a kŕmne rastliny
|2 SNKPH
|9 739239
|
| 650 |
0 |
7 |
|a pôdny dusík
|2 SNKPH
|9 739240
|
| 650 |
0 |
7 |
|a minerálne hnojivá
|2 SNKPH
|9 16508
|
| 655 |
|
7 |
|a správy
|2 SNKPH
|9 70563
|
| 830 |
|
0 |
|a Studijní informace
|p Půdoznalství, meliorace, výživa rostlin
|9 739241
|
| 958 |
|
|
|a OND
|
| 999 |
|
|
|c 1163548
|d 1165478
|
| 952 |
|
|
|a SNK
|b SNK
|y VYP
|7 0
|p 17A0475146
|o snkID 57201
|i snkKIP 2658/72
|0 0
|1 0
|4 0
|d 2005-10-21
|l 0
|r 2026-02-24 20:40:40
|w 2026-02-24
|
| 952 |
|
|
|a SNK
|b SNK
|y VYP
|7 0
|p 17A0478058
|o snkID 57201 D1
|i snkKIP 2659/72
|0 0
|1 1
|4 0
|d 2005-07-28
|l 0
|r 2026-02-24 20:40:40
|w 2026-02-24
|